[Event "2. Bundesliga West 2008/2009"]
[Site "Salzburg"]
[Date "2009.03.08"]
[Round "11"]
[Board "1"]
[White "Medvegy, Zoltan"]
[Black "Bayer, Bernhard"]
[Result "1/2-1/2"]
[WhiteElo "2556"]
[BlackElo "2359"]
[PlyCount "67"]
[EventDate "2008.10.17"]
[EventType "team"]
[EventRounds "11"]
[EventCountry "AUT"]
[WhiteTeam "ATSV Ranshofen"]
[BlackTeam "Schwaz"]

1.d4 Nf6 2.c4 d6 3.Nc3 Nbd7 4.g3 e5 5.Bg2 c6 6.e3 Be7 7.Nge2 O-O 8.b3 Qc7 9.Bb2
Re8 10.O-O a6 11.Rc1 Bf8 12.Qc2 Rb8 13.Rfd1 g6 14.h3 h5 15.Kh1 Kh7 16.Ng1 b6
17.Nf3 Bh6 18.Ba3 c5 19.dxc5 Nxc5 20.Nd2 Bf5 21.Nde4 Nfxe4 22.Nxe4 Re6 23.Nxc5
Bxc2 24.Nxe6 fxe6 25.Bxd6 Qf7 26.Rxc2 Rd8 27.Rcd2 Rxd6 28.Rxd6 Qxf2 29.Rd7+ Kg8
30.Ra7 h4 31.gxh4 Qxe3 32.Ra8+ Kf7 33.Ra7+ Kf6 34.Rad7

[Event "2. Bundesliga West 2008/2009"]
[Site "Salzburg"]
[Date "2009.03.08"]
[Round "11"]
[Board "3"]
[White "Webersberger, Johann"]
[Black "Gruber, Michael"]
[Result "1-0"]
[WhiteElo "2265"]
[BlackElo "2112"]
[PlyCount "107"]
[EventDate "2008.10.17"]
[EventType "team"]
[EventRounds "11"]
[EventCountry "AUT"]
[WhiteTeam "ATSV Ranshofen"]
[BlackTeam "Schwaz"]

1.b3 e5 2.Bb2 Nc6 3.e3 Nf6 4.Bb5 Bd6 5.Na3 Na5 6.Nf3 Qe7 7.Nc4 Nxc4 8.Bxc4 O-O
9.O-O e4 10.Nh4 Be5 11.Nf5 Qc5 12.b4 Bxh2+ 13.Kxh2 Qxf5 14.f3 d5 15.Be2 Qg5
16.Rh1 Bf5 17.f4 Qg6 18.Bxf6 Qxf6 19.g4 Bd7 20.c3 a5 21.a3 Qg6 22.Rg1 Qb6 23.Kg3
Bb5 24.Qf1 Bxe2 25.Qxe2 axb4 26.axb4 Qc6 27.Rh1 Rxa1 28.Rxa1 b6 29.Ra7 Ra8
30.Qb5 Qe8 31.Qxe8+ Rxe8 32.Rxc7 g6 33.Rd7 Kg7 34.g5 Re6 35.Rxd5 h5 36.gxh6+
Kxh6 37.c4 f5 38.c5 bxc5 39.bxc5 Rc6 40.Kf2 Kg7 41.Ke1 Kf7 42.d3 exd3 43.Kd2 Ke6
44.Re5+ Kf6 45.Kxd3 g5 46.Kc4 g4 47.Kd5 Rc8 48.Re6+ Kf7 49.Ra6 Re8 50.c6 Rd8+
51.Ke5 g3 52.Kxf5 Rc8 53.Ra7+ Kf8 54.Ra2

[Event "2. Bundesliga West 2008/2009"]
[Site "Salzburg"]
[Date "2009.03.08"]
[Round "11"]
[Board "4"]
[White "Riedl, Johannes"]
[Black "Enoeckl, Philipp"]
[Result "1/2-1/2"]
[WhiteElo "2145"]
[BlackElo "2188"]
[PlyCount "34"]
[EventDate "2008.10.17"]
[EventType "team"]
[EventRounds "11"]
[EventCountry "AUT"]
[WhiteTeam "Schwaz"]
[BlackTeam "ATSV Ranshofen"]

1.e4 e6 2.d4 d5 3.Nd2 Nf6 4.e5 Nfd7 5.Bd3 c5 6.c3 Nc6 7.Ndf3 cxd4 8.cxd4 f6
9.exf6 Nxf6 10.Nh3 Bd6 11.O-O O-O 12.Re1 Qc7 13.Nhg5 Nd8 14.Ne5 h6 15.Ngf3 Nc6
16.Ng6 Re8 17.Bd2 Qd8

[Event "2. Bundesliga West 2008/2009"]
[Site "Salzburg"]
[Date "2009.03.08"]
[Round "11"]
[Board "6"]
[White "Koell,  Hannes"]
[Black "Hackbarth, Wolfgang"]
[Result "1-0"]
[WhiteElo "2105"]
[BlackElo "2167"]
[PlyCount "65"]
[EventDate "2008.10.17"]
[EventType "team"]
[EventRounds "11"]
[EventCountry "AUT"]
[WhiteTeam "Schwaz"]
[BlackTeam "ATSV Ranshofen"]

1.d4 Nf6 2.Nf3 g6 3.c4 Bg7 4.Nc3 O-O 5.Bg5 h6 6.Bh4 c5 7.e3 cxd4 8.exd4 d6 9.Be2
Nc6 10.O-O Bf5 11.d5 Nb4 12.Nd4 Bd7 13.a3 Na6 14.b4 Rc8 15.Rc1 Nb8 16.Nb3 b6
17.Qd2 g5 18.Bg3 Bf5 19.h3 Qd7 20.Nd4 Bg6 21.f4 g4 22.hxg4 Nxg4 23.f5 Bh5 24.Bf4
Kh7 25.Qd1 Nf6 26.g4 Nxg4 27.Kh1 Rg8 28.Bxg4 Bxd4 29.Bxh5 Qxf5 30.Bh2 Qh3
31.Rxf7+ Rg7 32.Rxg7+ Bxg7 33.Bg4

[Event "2. Bundesliga West 2008/2009"]
[Site "Salzburg"]
[Date "2009.03.08"]
[Round "11"]
[Board "1"]
[White "Weindl, Alfred"]
[Black "Bromberger, Stefan"]
[Result "1/2-1/2"]
[WhiteElo "2352"]
[BlackElo "2490"]
[PlyCount "41"]
[EventDate "2008.10.17"]
[EventType "team"]
[EventRounds "11"]
[EventCountry "AUT"]
[WhiteTeam "Bregenz"]
[BlackTeam "Rochade Rum"]

1.d4 d5 2.c4 c6 3.Nf3 Nf6 4.Nc3 e6 5.Bg5 h6 6.Bxf6 Qxf6 7.Qc2 Nd7 8.e4 dxc4
9.Bxc4 e5 10.O-O Be7 11.d5 Nb6 12.dxc6 Nxc4 13.Nd5 Qxc6 14.Rac1 Be6 15.Qxc4 Qxc4
16.Rxc4 Bxd5 17.exd5 Bd6 18.Re1 Kd7 19.Nxe5+ Bxe5 20.Rxe5 Rac8 21.Ree4

[Event "2. Bundesliga West 2008/2009"]
[Site "Salzburg"]
[Date "2009.03.08"]
[Round "11"]
[Board "2"]
[White "Heinzel, Olaf"]
[Black "Herbrechtsmeier, Christof"]
[Result "1/2-1/2"]
[WhiteElo "2386"]
[BlackElo "2305"]
[PlyCount "20"]
[EventDate "2008.10.17"]
[EventType "team"]
[EventRounds "11"]
[EventCountry "AUT"]
[WhiteTeam "Rochade Rum"]
[BlackTeam "Bregenz"]

1.Nf3 g6 2.g3 Bg7 3.Bg2 Nf6 4.O-O O-O 5.c4 Nc6 6.d4 d5 7.cxd5 Nxd5 8.Nc3 Nb6
9.e3 Re8 10.Qe2 e5

[Event "2. Bundesliga West 2008/2009"]
[Site "Salzburg"]
[Date "2009.03.08"]
[Round "11"]
[Board "3"]
[White "Poettinger, Harald"]
[Black "Bertagnolli, Alexander"]
[Result "1/2-1/2"]
[WhiteElo "2207"]
[BlackElo "2322"]
[PlyCount "145"]
[EventDate "2008.10.17"]
[EventType "team"]
[EventRounds "11"]
[EventCountry "AUT"]
[WhiteTeam "Bregenz"]
[BlackTeam "Rochade Rum"]

1.e4 d5 2.exd5 Qxd5 3.Nf3 Nc6 4.Be2 e5 5.Nc3 Qd6 6.O-O Bg4 7.Nxe5 Bxe2 8.Qxe2
Qxe5 9.Qxe5+ Nxe5 10.Re1 f6 11.d4 O-O-O 12.dxe5 Bb4 13.exf6 Nxf6 14.Bg5 Bxc3
15.bxc3 Rhf8 16.Re6 Rde8 17.Rxe8+ Nxe8 18.Rd1 Nd6 19.Be7 Rf5 20.Bxd6 cxd6 21.Rb1
Ra5 22.Rb2 Ra3 23.Kf1 Rxc3 24.Ke2 Rc5 25.Kd3 Rd5+ 26.Ke3 Ra5 27.c3 Kc7 28.f4 b6
29.Re2 Rh5 30.g3 Kd7 31.Kd4 Ra5 32.Kd3 Ra4 33.f5 b5 34.h3 b4 35.Rb2 a5 36.cxb4
axb4 37.Kc4 Kc6 38.Rxb4 Rxa2 39.Kd4 Ra3 40.Rc4+ Kd7 41.Rc3 Ra4+ 42.Kd5 Ra5+
43.Ke4 g6 44.g4 Ra4+ 45.Kf3 gxf5 46.gxf5 Rh4 47.Kg3 Re4 48.Ra3 Ke7 49.Kf3 Re5
50.Ra7+ Kf6 51.Rxh7 Rxf5+ 52.Ke4 Re5+ 53.Kd4 Ke6 54.Rg7 Rh5 55.Rg3 Rh4+ 56.Kd3
Kd5 57.Rg5+ Kc6 58.Rg3 Kc5 59.Kd2 d5 60.Rc3+ Kd6 61.Rg3 Ra4 62.Rc3 Rb4 63.Re3
Rb2+ 64.Kd1 Rh2 65.Rg3 Kc5 66.Rf3 Kd4 67.Rg3 Rf2 68.Ra3 Ke4 69.Rb3 d4 70.Ra3
Rf1+ 71.Kd2 Rg1 72.Rb3 Ra1 73.Rg3

[Event "2. Bundesliga West 2008/2009"]
[Site "Salzburg"]
[Date "2009.03.08"]
[Round "11"]
[Board "4"]
[White "Eybl, Alexander"]
[Black "Bezler, Rainer"]
[Result "1/2-1/2"]
[WhiteElo "2270"]
[BlackElo "2245"]
[PlyCount "89"]
[EventDate "2008.10.17"]
[EventType "team"]
[EventRounds "11"]
[EventCountry "AUT"]
[WhiteTeam "Rochade Rum"]
[BlackTeam "Bregenz"]

1.Nf3 g6 2.g3 Bg7 3.Bg2 e5 4.d3 Nc6 5.c4 f5 6.O-O Nf6 7.Nc3 O-O 8.Rb1 a5 9.a3 d6
10.b4 axb4 11.axb4 h6 12.b5 Ne7 13.c5 Be6 14.cxd6 cxd6 15.Bd2 Nd7 16.Qc2 Nc5
17.Be3 Rc8 18.Na4 Nxa4 19.Qxa4 Ra8 20.Qh4 Nd5 21.Bg5 Qe8 22.Bxh6 Nc3 23.Rb2 Ra4
24.Qh3 f4 25.g4 Qd7 26.Bxg7 Kxg7 27.Ng5 Rh8 28.Nxe6+ Qxe6 29.Qf3 d5 30.Rc1 Rc8
31.Kf1 b6 32.g5 Rc7 33.Bh3 Qe7 34.Qg4 f3 35.Qxf3 Qxg5 36.Rbc2 d4 37.Be6 Rca7
38.Qg3 Qf6 39.Bc4 Ra8 40.Kg2 R4a7 41.e3 Ra1 42.Qf3 Qg5+ 43.Qg3 Qf6 44.Qf3 Qg5+
45.Qg3

[Event "2. Bundesliga West 2008/2009"]
[Site "Salzburg"]
[Date "2009.03.08"]
[Round "11"]
[Board "5"]
[White "Lenninger, Ralf"]
[Black "Jedinger, Andreas"]
[Result "1/2-1/2"]
[WhiteElo "2035"]
[BlackElo "2183"]
[PlyCount "58"]
[EventDate "2008.10.17"]
[EventType "team"]
[EventRounds "11"]
[EventCountry "AUT"]
[WhiteTeam "Bregenz"]
[BlackTeam "Rochade Rum"]

1.g3 g6 2.Bg2 Bg7 3.c4 c5 4.Nc3 Nc6 5.d3 d6 6.Rb1 Rb8 7.a3 a6 8.Bd2 Bd7 9.b4
cxb4 10.axb4 b5 11.cxb5 axb5 12.Nf3 Nf6 13.O-O O-O 14.h3 d5 15.Bf4 Rb7 16.Bg5
Be6 17.Qd2 Qd7 18.Kh2 Rd8 19.Be3 Rbb8 20.Nd4 Nxd4 21.Bxd4 Ne8 22.Bxg7 Kxg7
23.Ra1 Ra8 24.Qb2 Kg8 25.Rxa8 Rxa8 26.Ra1 Rxa1 27.Qxa1 Qc6 28.e3 Nc7 29.Ne2 f6

[Event "2. Bundesliga West 2008/2009"]
[Site "Salzburg"]
[Date "2009.03.08"]
[Round "11"]
[Board "6"]
[White "Muehlbacher, Bernhard"]
[Black "Juen, Leopold"]
[Result "1-0"]
[WhiteElo "2171"]
[BlackElo "1981"]
[PlyCount "175"]
[EventDate "2008.10.17"]
[EventType "team"]
[EventRounds "11"]
[EventCountry "AUT"]
[WhiteTeam "Rochade Rum"]
[BlackTeam "Bregenz"]

1.c4 Nf6 2.g3 g6 3.Bg2 Bg7 4.Nc3 O-O 5.e4 d6 6.Nge2 c5 7.O-O Nc6 8.d3 a6 9.a3
Rb8 10.Rb1 Be6 11.Nd5 b5 12.Nef4 Bd7 13.cxb5 axb5 14.b4 e6 15.Ne3 cxb4 16.axb4
Qb6 17.Nc2 Rfc8 18.Be3 Qd8 19.h3 Ne5 20.Ne2 Bc6 21.f4 Ned7 22.Ncd4 Ba8 23.Qb3 e5
24.Nf3 Qe7 25.Rbc1 Bb7 26.Qb1 Bh6 27.Ba7 Ra8 28.Rxc8+ Rxc8 29.Qb2 Bg7 30.Qb1 Nb8
31.fxe5 dxe5 32.Bc5 Qe8 33.Qb2 Nbd7 34.Be3 Qe6 35.Ng5 Qe7 36.Nc3 h6 37.Nf3 Bf8
38.Rb1 Bc6 39.Nh4 Kh7 40.Qd2 Qe6 41.Kh2 Ra8 42.Qb2 Qd6 43.Qb3 Kg8 44.Bf1 Ne8
45.Be2 Nc7 46.Nf3 Qe6 47.Qc2 Nf6 48.d4 Bd7 49.Bf1 exd4 50.Bxd4 Na6 51.Bg2 Rc8
52.Qd2 Nxe4 53.Nxe4 Qxe4 54.Rb2 Qe6 55.Bc3 Bg7 56.Bxg7 Kxg7 57.Nd4 Qf6 58.Ra2
Rc4 59.Nc2 Bc8 60.Ne3 Rd4 61.Qc1 Nxb4 62.Ra8 Bd7 63.Qc7 Nc6 64.Ra6 Rd2 65.Nd5
Qf2 66.Nf4 Qc5 67.h4 Qe5 68.Rxc6 Qxc7 69.Rxc7 Bg4 70.Kg1 b4 71.Rb7 g5 72.hxg5
hxg5 73.Nh3 Rd1+ 74.Kh2 Bxh3 75.Bxh3 Kg6 76.Rxb4 Rd6 77.Rb5 f6 78.Bf5+ Kf7
79.Rb7+ Kf8 80.Kg2 Rd5 81.Be6 Rd6 82.Bg4 Rd3 83.Kh3 Ra3 84.Be6 Ra6 85.Bf5 Ra4
86.Bg6 Kg8 87.Rf7 Ra6 88.Kg4

[Event "2. Bundesliga West 2008/2009"]
[Site "Salzburg"]
[Date "2009.03.08"]
[Round "11"]
[Board "1"]
[White "Dobosz, Henryk"]
[Black "Lanka, Zigurds"]
[Result "1/2-1/2"]
[WhiteElo "2440"]
[BlackElo "2494"]
[PlyCount "57"]
[EventDate "2008.10.17"]
[EventType "team"]
[EventRounds "11"]
[EventCountry "AUT"]
[WhiteTeam "Goetzis"]
[BlackTeam "Mayrhofen/Zillertal"]

1.d4 Nf6 2.Nf3 g6 3.c4 Bg7 4.Nc3 d6 5.g3 O-O 6.Bg2 a6 7.O-O Nc6 8.d5 Na5 9.b3 c5
10.dxc6 Nxc6 11.Bb2 Qa5 12.Nd5 Nxd5 13.Bxg7 Nc3 14.Bxc3 Qxc3 15.Rc1 Qa5 16.Qd2
Qxd2 17.Nxd2 Nd4 18.Rfe1 Rb8 19.c5 dxc5 20.Rxc5 Rd8 21.e3 Ne6 22.Rc2 b5 23.b4
Bb7 24.Nb3 Bxg2 25.Kxg2 Rb6 26.Rec1 f6 27.f4 Kf7 28.Kf3 h5 29.Rc6

[Event "2. Bundesliga West 2008/2009"]
[Site "Salzburg"]
[Date "2009.03.08"]
[Round "11"]
[Board "3"]
[White "Schmidlechner, Alexander"]
[Black "Maiwald, Jens-Uwe"]
[Result "0-1"]
[WhiteElo "2210"]
[BlackElo "2500"]
[PlyCount "60"]
[EventDate "2008.10.17"]
[EventType "team"]
[EventRounds "11"]
[EventCountry "AUT"]
[WhiteTeam "Goetzis"]
[BlackTeam "Mayrhofen/Zillertal"]

1.d4 g6 2.c4 Bg7 3.Nc3 c5 4.d5 Bxc3+ 5.bxc3 f5 6.Bg5 d6 7.h4 h6 8.Bf4 Nd7 9.Nf3
Qa5 10.Qc2 Nb6 11.Nd2 Qa4 12.Qxa4+ Nxa4 13.Rc1 Nf6 14.e3 Bd7 15.f3 O-O-O 16.e4
Nh5 17.Bh2 f4 18.Be2 e5 19.Kf2 g5 20.hxg5 hxg5 21.Nb1 Rh7 22.Bg1 Rdh8 23.Nd2 Nf6
24.Nf1 g4 25.g3 gxf3 26.Bxf3 Nb2 27.Rc2 Nxc4 28.gxf4 exf4 29.Ke1 Ne5 30.Kf2 Bb5

[Event "2. Bundesliga West 2008/2009"]
[Site "Salzburg"]
[Date "2009.03.08"]
[Round "11"]
[Board "4"]
[White "Hausner, Ivan"]
[Black "Scheffknecht, Philipp"]
[Result "1/2-1/2"]
[WhiteElo "2395"]
[BlackElo "2187"]
[PlyCount "88"]
[EventDate "2008.10.17"]
[EventType "team"]
[EventRounds "11"]
[EventCountry "AUT"]
[WhiteTeam "Mayrhofen/Zillertal"]
[BlackTeam "Goetzis"]

1.c4 e5 2.Nc3 Nf6 3.Nf3 Nc6 4.e3 d5 5.cxd5 Nxd5 6.Bb5 Nxc3 7.bxc3 Bd7 8.d4 Bd6
9.O-O Qe7 10.c4 b6 11.Qa4 Nb8 12.c5 bxc5 13.dxe5 c6 14.exd6 cxb5 15.Qf4 Qe6
16.Bb2 f6 17.Nd2 Qg4 18.Nb3 Na6 19.Qxg4 Bxg4 20.e4 Rc8 21.f4 Kd7 22.e5 fxe5
23.fxe5 Be6 24.Bc1 Nb4 25.Be3 Nd3 26.Rfd1 c4 27.Rxd3 cxd3 28.Nc5+ Rxc5 29.Bxc5
Rc8 30.Bxa7 d2 31.Be3 Rc1+ 32.Rxc1 dxc1=Q+ 33.Bxc1 Bxa2 34.Kf2 Ke6 35.Ke3 Bd5
36.g3 Kd7 37.Ba3 Kc6 38.h4 Be6 39.Kf4 h6 40.h5 Kd5 41.d7 Bxd7 42.Bf8 b4 43.Bxb4
Ke6 44.g4 Kf7

[Event "2. Bundesliga West 2008/2009"]
[Site "Salzburg"]
[Date "2009.03.08"]
[Round "11"]
[Board "5"]
[White "Kranz, Armin"]
[Black "Schiestl, Josef"]
[Result "1/2-1/2"]
[WhiteElo "2168"]
[BlackElo "2147"]
[PlyCount "46"]
[EventDate "2008.10.17"]
[EventType "team"]
[EventRounds "11"]
[EventCountry "AUT"]
[WhiteTeam "Goetzis"]
[BlackTeam "Mayrhofen/Zillertal"]

1.d4 Nf6 2.Nf3 g6 3.c4 Bg7 4.Nc3 d6 5.g3 O-O 6.Bg2 Nc6 7.O-O a6 8.h3 Bd7 9.b3
Rb8 10.Nd5 Ne4 11.Bb2 e6 12.Nc3 Nxc3 13.Bxc3 e5 14.dxe5 dxe5 15.Qd2 Be6 16.Qb2
f6 17.Rad1 Qe7 18.Ne1 Rfd8 19.Nc2 Rxd1 20.Rxd1 Rd8 21.Rxd8+ Nxd8 22.Ne3 c6
23.Qd2 Qd7

[Event "2. Bundesliga West 2008/2009"]
[Site "Salzburg"]
[Date "2009.03.08"]
[Round "11"]
[Board "1"]
[White "Prusikin, Michael"]
[Black "Baldauf, Marco"]
[Result "1-0"]
[WhiteElo "2538"]
[BlackElo "2313"]
[PlyCount "93"]
[EventDate "2008.10.17"]
[EventType "team"]
[EventRounds "11"]
[EventCountry "AUT"]
[WhiteTeam "Wuestenrot Inter Sbg Sued"]
[BlackTeam "Hohenems II"]

1.d4 d5 2.c4 c6 3.Nc3 Nf6 4.e3 a6 5.Qc2 g6 6.Nf3 Bg7 7.Bd3 O-O 8.O-O Bg4 9.Ne5
Be6 10.c5 Nfd7 11.Nxd7 Nxd7 12.Bd2 f5 13.f4 Nf6 14.b4 Ne4 15.Na4 Bf6 16.Nb6 Rb8
17.Be1 Bd7 18.a4 Be8 19.Ra2 Nd6 20.Qb3 e6 21.Kh1 Rf7 22.h3 h5 23.g4 Rh7 24.Rh2
Nc8 25.Nxc8 Rxc8 26.Rg1 Kh8 27.Rgg2 Qe7 28.g5 Bg7 29.b5 axb5 30.axb5 Kg8 31.h4
Ra8 32.Ra2 Rxa2 33.Rxa2 Bf8 34.Ra8 Rf7 35.Ba5 Qd7 36.Rd8 Qe7 37.Bb6 Bg7 38.bxc6
bxc6 39.Qa4 Rf8 40.Rc8 Bd7 41.Rc7 Rc8 42.Rxc8+ Bxc8 43.Qxc6 Bd7 44.Qa8+ Qe8
45.Qxe8+ Bxe8 46.Ba6 Bc6 47.Bc8

[Event "2. Bundesliga West 2008/2009"]
[Site "Salzburg"]
[Date "2009.03.08"]
[Round "11"]
[Board "3"]
[White "Grafl, Florian"]
[Black "Amann, Guenter"]
[Result "1-0"]
[WhiteElo "2404"]
[BlackElo "2330"]
[PlyCount "47"]
[EventDate "2008.10.17"]
[EventType "team"]
[EventRounds "11"]
[EventCountry "AUT"]
[WhiteTeam "Wuestenrot Inter Sbg Sued"]
[BlackTeam "Hohenems II"]

1.e4 e6 2.b3 d5 3.Bb2 Nf6 4.e5 Nfd7 5.d4 c5 6.c3 cxd4 7.cxd4 b6 8.f4 Ba6 9.Bxa6
Nxa6 10.Ne2 Be7 11.O-O O-O 12.f5 Nc7 13.Nbc3 b5 14.Qd3 b4 15.Nd1 exf5 16.Qxf5
Ne6 17.Ne3 Nb6 18.Qg4 Rc8 19.Nf5 Kh8 20.Rac1 Bg5 21.Rxc8 Qxc8 22.h4 Qc2 23.hxg5
Qxb2 24.Nd6

[Event "2. Bundesliga West 2008/2009"]
[Site "Salzburg"]
[Date "2009.03.08"]
[Round "11"]
[Board "4"]
[White "Atlas, Dimitry"]
[Black "Pitschka, Klaus"]
[Result "1/2-1/2"]
[WhiteElo "2322"]
[BlackElo "2301"]
[PlyCount "144"]
[EventDate "2008.10.17"]
[EventType "team"]
[EventRounds "11"]
[EventCountry "AUT"]
[WhiteTeam "Hohenems II"]
[BlackTeam "Wuestenrot Inter Sbg Sued"]

1.e4 Nf6 2.e5 Nd5 3.d4 d6 4.Nf3 Bg4 5.Be2 c6 6.c4 Nc7 7.Qb3 dxe5 8.dxe5 Qc8
9.Be3 g6 10.Nbd2 Bg7 11.h3 Bxf3 12.Nxf3 Nd7 13.Bf4 Ne6 14.Bg3 Ndc5 15.Qe3 a5
16.O-O h5 17.Nd4 O-O 18.Rad1 Rd8 19.f4 Bh6 20.Nxe6 Nxe6 21.c5 Nc7 22.Bc4 Rxd1
23.Rxd1 e6 24.Qe4 Nd5 25.Bf2 Qf8 26.g3 h4 27.gxh4 Nxf4 28.Kh2 Rd8 29.Rd6 Nd5
30.Bd3 Rc8 31.h5 Bf4+ 32.Kg2 Qh6 33.hxg6 Rf8 34.gxf7+ Rxf7 35.h4 Qg7+ 36.Qg6
Bxe5 37.Rd8+ Rf8 38.Rxf8+ Kxf8 39.Qxg7+ Kxg7 40.Kf3 Bxb2 41.a4 Nf6 42.Kf4 Nd7
43.h5 Nf6 44.Bc4 Nxh5+ 45.Ke4 Nf6+ 46.Kd3 Kf7 47.Bb3 Nd7 48.Bd1 Ba3 49.Kc4 Bb4
50.Bd4 e5 51.Bh5+ Ke7 52.Be3 Nf6 53.Bg5 Ke6 54.Bxf6 Kxf6 55.Bg4 Ke7 56.Bc8 Kd8
57.Bxb7 Kc7 58.Ba6 Ba3 59.Kd3 Bxc5 60.Bc4 Kd6 61.Bf7 Bg1 62.Ke4 Ke7 63.Bc4 Kf6
64.Bb3 Bd4 65.Bc4 Kg5 66.Be6 c5 67.Kf3 Kh4 68.Bc4 Kg5 69.Bg8 Kf5 70.Bh7+ Kf6
71.Bg8 Kg7 72.Bc4 Kg6

[Event "2. Bundesliga West 2008/2009"]
[Site "Salzburg"]
[Date "2009.03.08"]
[Round "11"]
[Board "5"]
[White "Riemelmoser, Franz"]
[Black "Burschowsky, Matthias"]
[Result "1/2-1/2"]
[WhiteElo "2298"]
[BlackElo "2193"]
[PlyCount "104"]
[EventDate "2008.10.17"]
[EventType "team"]
[EventRounds "11"]
[EventCountry "AUT"]
[WhiteTeam "Wuestenrot Inter Sbg Sued"]
[BlackTeam "Hohenems II"]

1.c4 Nf6 2.Nc3 e6 3.e4 d6 4.d4 Nbd7 5.Nf3 c5 6.d5 e5 7.h3 Be7 8.Bd3 Nf8 9.a3 Ng6
10.b4 b6 11.Be3 h5 12.Qd2 h4 13.O-O Nh5 14.Ne2 O-O 15.Rfb1 f5 16.exf5 Bxf5
17.Bxf5 Rxf5 18.bxc5 dxc5 19.Qd3 Qf8 20.Nd2 Nhf4 21.Bxf4 exf4 22.Nf3 Ne5 23.Nxe5
Rxe5 24.Qf3 Re8 25.Rd1 Bd6 26.Nc3 Qf6 27.a4 Qg6 28.Nb5 a6 29.Nxd6 Qxd6 30.Rab1
Re4 31.Qb3 a5 32.Rdc1 Qg6 33.Qf3 Rxc4 34.Rd1 Rxa4 35.d6 Rd4 36.Rxb6 Rxd1+
37.Qxd1 Rd8 38.Qd5+ Kh7 39.Kh2 c4 40.Qd4 Qf6 41.Qe4+ Kh8 42.Rb5 g6 43.d7 Kg7
44.Rd5 c3 45.Kg1 Qf7 46.Qd4+ Kh7 47.Rxa5 c2 48.Qc3 Qxd7 49.Qxc2 Qd1+ 50.Qxd1
Rxd1+ 51.Kh2 Rd2 52.Kg1 Rd1+

[Event "2. Bundesliga West 2008/2009"]
[Site "Salzburg"]
[Date "2009.03.08"]
[Round "11"]
[Board "2"]
[White "Szakolczai, Peter"]
[Black "Besner, Bernhard"]
[Result "1/2-1/2"]
[WhiteElo "2251"]
[BlackElo "2145"]
[PlyCount "85"]
[EventDate "2008.10.17"]
[EventType "team"]
[EventRounds "11"]
[EventCountry "AUT"]
[WhiteTeam "Dornbirn"]
[BlackTeam "ASK Salzburg"]

1.e4 d5 2.Nc3 dxe4 3.Nxe4 Qd5 4.Nc3 Qa5 5.d4 Nf6 6.Nf3 Bg4 7.h3 Bh5 8.Bc4 Nc6
9.g4 Bg6 10.Bd2 O-O-O 11.Qe2 Nb4 12.O-O Nxc2 13.Nb5 Qb6 14.Rac1 a6 15.Nxc7 e6
16.Nxa6 bxa6 17.Bd3 Bd6 18.Rxc2+ Kd7 19.Rfc1 Nd5 20.b4 Bxd3 21.Qxd3 h5 22.g5 Qb5
23.Qb3 Nf4 24.Bxf4 Bxf4 25.a4 Qf5 26.Rc5 Qe4 27.Re1 Qb7 28.d5 Rhe8 29.g6 fxg6
30.dxe6+ Ke7 31.Qc3 Kf8 32.Rc4 Bb8 33.Nh4 Rd5 34.Nxg6+ Kg8 35.h4 Rf5 36.Rc8 Bh2+
37.Kf1 Qh1+ 38.Ke2 Qe4+ 39.Kf1 Qh1+ 40.Ke2 Qe4+ 41.Kf1 Qh1+ 42.Ke2 Qe4+ 43.Kf1

[Event "2. Bundesliga West 2008/2009"]
[Site "Salzburg"]
[Date "2009.03.08"]
[Round "11"]
[Board "3"]
[White "Loeffler, Christoph"]
[Black "Klocker, Benedikt"]
[Result "1-0"]
[WhiteElo "2166"]
[BlackElo "2119"]
[PlyCount "71"]
[EventDate "2008.10.17"]
[EventType "team"]
[EventRounds "11"]
[EventCountry "AUT"]
[WhiteTeam "ASK Salzburg"]
[BlackTeam "Dornbirn"]

1.e4 c5 2.Nc3 Nc6 3.f4 d6 4.Nf3 g6 5.Bc4 Bg7 6.d3 e6 7.O-O Nge7 8.Qe1 O-O 9.Bb3
Qc7 10.Qh4 Nd4 11.Nxd4 Bxd4+ 12.Kh1 a6 13.a4 b6 14.f5 exf5 15.Bg5 Ra7 16.Rf3
fxe4 17.Nxe4 Nf5 18.Rxf5 Bxf5 19.Nf6+ Bxf6 20.Bxf6 h5 21.Qg5 Kh7 22.Bd5 Qd7
23.h3 Bxh3 24.gxh3 Qxh3+ 25.Kg1 Re8 26.Rf1 Re2 27.Bg2 Qe3+ 28.Qxe3 Rxe3 29.Kf2
Re8 30.Kg3 Re2 31.c4 Re3+ 32.Kf4 Rxd3 33.Re1 Rd2 34.Bf3 Rf2 35.Re8 g5+ 36.Kxg5

[Event "2. Bundesliga West 2008/2009"]
[Site "Salzburg"]
[Date "2009.03.08"]
[Round "11"]
[Board "4"]
[White "Kanonier, Clemens"]
[Black "Scheiblmaier, Robert"]
[Result "1/2-1/2"]
[WhiteElo "2077"]
[BlackElo "2133"]
[PlyCount "25"]
[EventDate "2008.10.17"]
[EventType "team"]
[EventRounds "11"]
[EventCountry "AUT"]
[WhiteTeam "Dornbirn"]
[BlackTeam "ASK Salzburg"]

1.e4 e6 2.d4 d5 3.e5 c5 4.c3 Qb6 5.Nf3 Nc6 6.a3 c4 7.Nbd2 f6 8.exf6 Nxf6 9.b3
cxb3 10.Rb1 Bd6 11.Be2 O-O 12.O-O Bd7 13.Rxb3

[Event "2. Bundesliga West 2008/2009"]
[Site "Salzburg"]
[Date "2009.03.08"]
[Round "11"]
[Board "5"]
[White "Leeb, Hans-Peter"]
[Black "Karrer, Damian"]
[Result "0-1"]
[WhiteElo "2157"]
[BlackElo "2020"]
[PlyCount "84"]
[EventDate "2008.10.17"]
[EventType "team"]
[EventRounds "11"]
[EventCountry "AUT"]
[WhiteTeam "ASK Salzburg"]
[BlackTeam "Dornbirn"]

1.c4 e5 2.Nc3 Nf6 3.Nf3 Nc6 4.g3 Bb4 5.Bg2 Bxc3 6.bxc3 O-O 7.O-O d6 8.d4 h6
9.Rb1 Rb8 10.Qc2 Bg4 11.Rd1 e4 12.Ne1 Qd7 13.f3 exf3 14.Bxf3 Rfe8 15.Nd3 Na5
16.c5 Bxf3 17.exf3 dxc5 18.Nxc5 Qc6 19.Bf4 Qxf3 20.Re1 Qc6 21.Qf5 b6 22.Nd3 Nc4
23.Nb4 Qf3 24.Rf1 Qxc3 25.Nc6 Ne3 26.Bxe3 Qxc6 27.Rbc1 Qe4 28.Bxh6 Qxd4+ 29.Kh1
Qd5+ 30.Qxd5 Nxd5 31.Rf5 Rbd8 32.Rg5 g6 33.Rg4 c5 34.h4 Re5 35.Rd1 Rde8 36.Rg5
Re1+ 37.Rxe1 Rxe1+ 38.Kg2 Nf6 39.g4 Kh7 40.Bf8 Re8 41.Bd6 Ne4 42.Re5 Nxd6